Представление документа в формате RUSMARC

ПолеНазваниеЗначение
  Тип записи a
  Библиографический уровень a
001 Контрольный номер RU/CBS_UL/BASE/f5187089689f4962ab5d06675e9a0fd2
005 Дата корректировки 20240208113743.8
100 Данные общей обработки __
a Данные общей обработки 20240204 ||| 0rusy0189 ca
101 Язык документа 0_
a Язык текста rus
102 Страна публикации __
a Страна публикации RU
200 Заглавие и сведения об ответственности 1_
a Заглавие Зачем нам этот геморрой?
e Сведения, относящиеся к заглавию [о лечении геморроя]
f Первые сведения об ответственности Т. Агушина
300 Общие примечания __
a Общие примечания 16+
461 Уровень набора _0
1 2000
a Будь здоров! 100 страниц о самом главном
463 Уровень физической единицы _0
1 2000
a № 1
v С. 14-18
1 2101
d 2024
1 001RU/CBS_UL/BASE/27201fb790d94b7f980342a17f52e934
606 Тематические рубрики 0_
a Основная рубрика Болезни
610 Ключевые слова 0_
a Ключевые слова пищеварение
610 Ключевые слова 0_
a Ключевые слова геморроидальная болезнь
610 Ключевые слова 0_
a Ключевые слова нарушение пищеварения
610 Ключевые слова 0_
a Ключевые слова геморрой
610 Ключевые слова 0_
a Ключевые слова проклятие святого Фиакра (геморроидальная болезнь)
610 Ключевые слова 0_
a Ключевые слова склеротерапия
610 Ключевые слова 0_
a Ключевые слова инфракрасная фотокоагуляция
686 Индексы других классификаций __
2 Код системы rubbk
a Классификационный индекс 54.13
700 Автор _1
a Фамилия Агушина
b Имя (инициалы) Т.
801 Источник записи _0
a Страна RU
b Организация МБУК ЦБС г. Ульяновска
c Дата составления 20240204
g Правила каталогизации RCR
801 Источник записи _1
a Страна RU
b Организация МБУК ЦБС г. Ульяновска
c Дата составления 20240204
g Правила каталогизации RCR
901 Тип документа __
t Тип документа b
w Контрольный № источника RU/CBS_UL/BASE/27201fb790d94b7f980342a17f52e934